The calendar of the bharath-then and now / (Record no. 127347)
[ view plain ]
| 000 -LEADER | |
|---|---|
| fixed length control field | 00799nam a22002417a 4500 |
| 005 - DATE AND TIME OF LATEST TRANSACTION | |
| control field | 20170124110024.0 |
| 010 ## - LIBRARY OF CONGRESS CONTROL NUMBER | |
| LC control number | A-371431 |
| 020 ## - INTERNATIONAL STANDARD BOOK NUMBER | |
| Terms of availability | 25.00 |
| 035 ## - SYSTEM CONTROL NUMBER | |
| System control number | A-371431 |
| 037 ## - SOURCE OF ACQUISITION | |
| Source of stock number/acquisition | Cen Lib/Ret |
| 040 ## - CATALOGING SOURCE | |
| Original cataloging agency | DPL |
| Language of cataloging | EN |
| 082 ## - DEWEY DECIMAL CLASSIFICATION NUMBER | |
| Classification number | 529.3 |
| Item number | MAH |
| 100 ## - MAIN ENTRY--PERSONAL NAME | |
| Personal name | Mahalingam, N. |
| 9 (RLIN) | 20227 |
| 245 ## - TITLE STATEMENT | |
| Title | The calendar of the bharath-then and now / |
| Statement of responsibility, etc | by N.Mahalingam,G.S.Sampath Iyengar [and] G.S.Seshagiri |
| 260 ## - PUBLICATION, DISTRIBUTION, ETC. (IMPRINT) | |
| Name of publisher, distributor, etc | The International Society for the Investigation of Ancient Civilizations |
| Date of publication, distribution, etc | 1987 |
| Place of publication, distribution, etc | Madras |
| 270 ## - ADDRESS | |
| Address | 31, Poes Garden |
| City | Madras |
| Postal code | 600 086 |
| 300 ## - PHYSICAL DESCRIPTION | |
| Extent | 96p. : |
| Dimensions | 20(Hb) |
| Other physical details | ill. |
| 650 ## - SUBJECT ADDED ENTRY--TOPICAL TERM | |
| Topical term or geographic name as entry element | Hindu astronomy. |
| 9 (RLIN) | 20228 |
| 650 ## - SUBJECT ADDED ENTRY--TOPICAL TERM | |
| Topical term or geographic name as entry element | Hindu calendar. |
| 9 (RLIN) | 20229 |
| 700 ## - ADDED ENTRY--PERSONAL NAME | |
| Personal name | Iyengar, G.S.Sampath |
| 9 (RLIN) | 20230 |
| 700 ## - ADDED ENTRY--PERSONAL NAME | |
| Personal name | Seshagiri, G.S. |
| 9 (RLIN) | 20231 |
| 942 ## - ADDED ENTRY ELEMENTS (KOHA) | |
| Source of classification or shelving scheme | Dewey Decimal Classification |
| Koha item type | English Books |
| Classification part | 529.3 |
| Call number suffix | MAH |
| Withdrawn status | Lost status | Damaged status | Not for loan | Home library | Current library | Date acquired | Source of acquisition | Cost, normal purchase price | Total Checkouts | Full call number | Barcode | Date last seen | Date checked out | Copy number | Cost, replacement price | Price effective from | Koha item type |
|---|---|---|---|---|---|---|---|---|---|---|---|---|---|---|---|---|---|
| Central Library | Central Library | 29/06/2015 | Cen Lib/Ret | 25.00 | 2 | 529.3 MAH | A-371431 | 12/08/2018 | 30/07/2018 | 1 | 25.00 | 29/06/2015 | English Books |
